[Event "Katowice Silesia 100th Ann op"]
[Site "Katowice"]
[Date "2024.04.28"]
[Round "9"]
[White "Maslanka, Wojciech"]
[Black "Kashlinskaya, Alina"]
[Result "0-1"]
[WhiteElo "2039"]
[BlackElo "2468"]
[PlyCount "97"]
[EventDate "2024.04.27"]
[EventType "swiss (rapid)"]
[EventRounds "11"]
[EventCountry "POL"]
[SourceTitle "CB19_2024"]
[SourceDate "2024.05.08"]
[SourceVersion "1"]
[SourceVersionDate "2024.05.08"]
[SourceQuality "1"]

1. e4 e6 2. d4 d5 3. Nd2 c5 4. exd5 exd5 5. Ngf3 Nc6 6. c3 cxd4 7. Nxd4 Nxd4 8. cxd4 Nf6 9. Bd3 Bd6 10. Qe2+ Be6 11. Bb5+ Nd7 12. 0-0 0-0 13. Nf3 Bg4 14. Qd3 a6 15. Ba4 Bh5 16. Bg5 f6 17. Bh4 Bg6 18. Qd2 b5 19. Bb3 Nb6 20. Ne5 Be8 21. Nd3 Nc4 22. Bxc4 dxc4 23. Ne1 Bc6 24. Bg3 Re8 25. Nc2 Bxg3 26. hxg3 Be4 27. Ne3 Bd3 28. Rfe1 Qxd4 29. a4 Qc5 30. axb5 axb5 31. Rxa8 Rxa8 32. Qd1 Qb4 33. Nd5 Qxb2 34. Qg4 h6 35. Re7 Qc1+ 36. Kh2 Qg5 37. Qf3 Ra1 38. Nf4 f5 39. Re8+ Kh7 40. Ne6 Qc1 41. Nf8+ Kh8 42. Ng6+ Kh7 43. Nf8+ Kh8 44. Nd7+ Kh7 45. Nf6+ Kg6 46. Qh5+ Kxf6 47. Rf8+ Ke5 48. Re8+ Kd4 49. Rd8+ 0-1

[Event "POL-ch U16"]
[Site "Jastrzebia Gora"]
[Date "2023.??.??"]
[Round "4"]
[White "Grot, Blazej"]
[Black "Maslanka, Wojciech"]
[Result "1-0"]
[WhiteElo "1862"]
[BlackElo "2090"]
[PlyCount "80"]
[EventDate "2023.03.11"]
[EventType "swiss"]
[EventRounds "9"]
[EventCountry "POL"]
[SourceTitle "CBM 213 Extra"]
[Source "ChessBase"]
[SourceDate "2023.05.31"]
[SourceVersion "1"]
[SourceVersionDate "2023.05.31"]
[SourceQuality "1"]

1. e4 c6 2. d4 d5 3. Nd2 dxe4 4. Nxe4 Nf6 5. Nxf6+ exf6 6. c3 Bd6 7. Bd3 0-0 8. Ne2 Re8 9. 0-0 Nd7 10. Ng3 g6 11. Qf3 Bf8 12. Bf4 Nb6 13. Rfe1 Be6 14. Ne4 Nd5 15. Bd2 Bf5 16. Nc5 Bxd3 17. Nxd3 Qd7 18. h3 Rad8 19. Rad1 Qc8 20. Ra1 Qd7 21. Rad1 Qc8 22. a4 Bg7 23. Nc5 f5 24. Bg5 Rxe1+ 25. Rxe1 Rf8 26. Bf4 b6 27. Nd3 Qa6 28. Qd1 Qc4 29. Be5 Re8 30. Bd6 Re4 31. f3 Rxe1+ 32. Qxe1 Nf6 33. Qe7 h6 34. Ne5 Qd5 35. Qd8+ Kh7 36. Be7 Qxd8 37. Bxd8 c5 38. dxc5 bxc5 39. Nc6 a6 40. Nb8 g5 1-0

[Event "POL-ch U16"]
[Site "Jastrzebia Gora"]
[Date "2023.??.??"]
[Round "1"]
[White "Maslanka, Wojciech"]
[Black "Jaworski, Tymon"]
[Result "1-0"]
[WhiteElo "2090"]
[BlackElo "1825"]
[PlyCount "104"]
[EventDate "2023.03.11"]
[EventType "swiss"]
[EventRounds "9"]
[EventCountry "POL"]
[SourceTitle "CBM 213 Extra"]
[Source "ChessBase"]
[SourceDate "2023.05.31"]
[SourceVersion "1"]
[SourceVersionDate "2023.05.31"]
[SourceQuality "1"]

1. e4 e6 2. d4 d5 3. Nd2 c5 4. exd5 Qxd5 5. Ngf3 cxd4 6. Bc4 Qd6 7. 0-0 Nf6 8. Nb3 Nc6 9. Nbxd4 Nxd4 10. Nxd4 a6 11. Bb3 Be7 12. c3 e5 13. Nf3 Bg4 14. Qxd6 Bxd6 15. Nxe5 Bxe5 16. Re1 Nd7 17. f4 0-0 18. fxe5 Nc5 19. Bc2 Rfe8 20. Bg5 Rac8 21. h3 Be6 22. Be3 Bc4 23. Bd4 Rc7 24. b3 Be6 25. c4 Nd7 26. Rac1 Rec8 27. Re3 b5 28. c5 b4 29. Bd3 a5 30. Ba6 Rd8 31. Bb5 Nb6 32. Bb2 Nd5 33. Rd3 Rdc8 34. Bd4 Rb8 35. Bc4 Ne7 36. Bf2 Ng6 37. Bxe6 fxe6 38. Rd6 Kf7 39. Ra6 Rb5 40. Rd1 h6 41. Rb6 Rb7 42. Bd4 R7xb6 43. cxb6 Nf8 44. Rc1 Nd7 45. Rc7 Ke8 46. b7 Kd8 47. Rc8+ Ke7 48. Bc5+ Nxc5 49. b8Q Rxb8 50. Rxb8 Kd7 51. Rb5 Nd3 52. Kf1 Kc6 1-0

[Event "POL-ch U16"]
[Site "Jastrzebia Gora"]
[Date "2023.??.??"]
[Round "8"]
[White "Maslanka, Wojciech"]
[Black "Przybylski, Bartosz1111"]
[Result "0-1"]
[WhiteElo "2090"]
[BlackElo "1868"]
[PlyCount "68"]
[EventDate "2023.03.11"]
[EventType "swiss"]
[EventRounds "9"]
[EventCountry "POL"]
[SourceTitle "CBM 213 Extra"]
[Source "ChessBase"]
[SourceDate "2023.05.31"]
[SourceVersion "1"]
[SourceVersionDate "2023.05.31"]
[SourceQuality "1"]

1. d4 Nf6 2. c4 c5 3. d5 b5 4. cxb5 a6 5. e3 axb5 6. Bxb5 Ba6 7. Nc3 Bxb5 8. Nxb5 d6 9. Nf3 g6 10. 0-0 Bg7 11. Qd3 Nbd7 12. Bd2 0-0 13. Bc3 Qb6 14. Na3 Qa6 15. Rad1 Nb6 16. Qxa6 Rxa6 17. e4 Na4 18. Nb1 Nxe4 19. Bxg7 Kxg7 20. Rde1 Nf6 21. Rxe7 Nxd5 22. Rb7 c4 23. Rd1 Nc5 24. Rb5 Nc7 25. Rb4 Nd3 26. Rb7 Rc8 27. Nc3 Ne6 28. Nd2 d5 29. Nxd5 Rxa2 30. Nb6 Nxb2 31. Nxc8 Nxd1 32. Nxc4 Ra1 33. Ra7 Rc1 34. Kf1 Nc3# 0-1

[Event "POL-ch U16"]
[Site "Jastrzebia Gora"]
[Date "2023.??.??"]
[Round "6"]
[White "Pancewicz, Szymon"]
[Black "Maslanka, Wojciech"]
[Result "1-0"]
[WhiteElo "1909"]
[BlackElo "2090"]
[PlyCount "79"]
[EventDate "2023.03.11"]
[EventType "swiss"]
[EventRounds "9"]
[EventCountry "POL"]
[SourceTitle "CBM 213 Extra"]
[Source "ChessBase"]
[SourceDate "2023.05.31"]
[SourceVersion "1"]
[SourceVersionDate "2023.05.31"]
[SourceQuality "1"]

1. d4 Nf6 2. c4 e6 3. Nc3 Bb4 4. e3 0-0 5. Nge2 Re8 6. a3 Bf8 7. Nf4 d6 8. Be2 Nbd7 9. 0-0 e5 10. Nfd5 Nxd5 11. Nxd5 c6 12. Nc3 Qe7 13. b4 Nf6 14. Bb2 Bf5 15. d5 Rac8 16. Rc1 cxd5 17. Nxd5 Nxd5 18. Qxd5 Be6 19. Qd3 Rc7 20. Rc2 Rec8 21. Rfc1 Qg5 22. Bf3 h5 23. Bd5 Qh6 24. h3 Be7 25. b5 Qh7 26. e4 Qg6 27. a4 Bg5 28. Rd1 Bxd5 29. Qxd5 Qe6 30. Qxe6 fxe6 31. Rxd6 Rxc4 32. Rxc4 Rxc4 33. Rd7 Rxe4 34. Rxb7 Re2 35. Bc3 h4 36. Kf1 Re4 37. Rxa7 Bf4 38. b6 Rc4 39. b7 e4 40. Bd2 1-0

[Event "EU-ch Rapid"]
[Site "Katowice"]
[Date "2022.12.18"]
[Round "7"]
[White "Grinev, Valeriy"]
[Black "Maslanka, Wojciech"]
[Result "1-0"]
[WhiteElo "2425"]
[BlackElo "2103"]
[PlyCount "119"]
[EventDate "2022.12.17"]
[EventType "swiss (rapid)"]
[EventRounds "11"]
[EventCountry "POL"]
[SourceTitle "CBM 211 Extra"]
[Source "ChessBase"]
[SourceDate "2023.01.31"]
[SourceVersion "1"]
[SourceVersionDate "2023.01.31"]
[SourceQuality "1"]

1. c4 Nf6 2. Nc3 e6 3. e4 c5 4. e5 Ng8 5. Nf3 d6 6. exd6 Bxd6 7. d4 Nf6 8. Bg5 0-0 9. Ne4 Be7 10. Nxc5 Bxc5 11. dxc5 Qa5+ 12. Qd2 Qxd2+ 13. Nxd2 Na6 14. Be3 Ng4 15. Bd4 Nb4 16. Kd1 Rd8 17. Be3 Nxe3+ 18. fxe3 Na6 19. Kc2 Nxc5 20. Nb3 Ne4 21. Be2 e5 22. Rhf1 Be6 23. Rad1 Rxd1 24. Rxd1 Rc8 25. Kb1 g6 26. Rc1 Bf5 27. Ka1 b6 28. Bf3 Nd6 29. Bd5 Be4 30. Bxe4 Nxe4 31. a4 Nd6 32. Nd2 f5 33. b4 Kf7 34. Kb2 Ke6 35. Kb3 a5 36. Rc3 e4 37. bxa5 bxa5 38. c5 Nb7 39. c6 Nd6 40. Rc5 Rb8+ 41. Kc3 Rc8 42. Nb3 f4 43. exf4 e3 44. Nd4+ Kf6 45. Kd3 Re8 46. c7 Ke7 47. Re5+ Kd7 48. Rxe8 Nxe8 49. Nb5 Nxc7 50. Nxc7 Kxc7 51. Kxe3 Kd6 52. Kd4 h5 53. g3 Kc6 54. Ke5 Kc5 55. Kf6 Kb4 56. Kxg6 Kxa4 57. f5 Kb3 58. f6 a4 59. f7 a3 60. f8Q 1-0

[Event "EU-ch Rapid"]
[Site "Katowice"]
[Date "2022.12.17"]
[Round "2"]
[White "Maslanka, Wojciech"]
[Black "Piorun, Kacper"]
[Result "0-1"]
[WhiteElo "2103"]
[BlackElo "2611"]
[PlyCount "56"]
[EventDate "2022.12.17"]
[EventType "swiss (rapid)"]
[EventRounds "11"]
[EventCountry "POL"]
[SourceTitle "CBM 211 Extra"]
[Source "ChessBase"]
[SourceDate "2023.01.31"]
[SourceVersion "1"]
[SourceVersionDate "2023.01.31"]
[SourceQuality "1"]

1. e4 g6 2. d4 Bg7 3. c3 d6 4. f4 Nf6 5. Bd3 e5 6. Nf3 Bg4 7. 0-0 0-0 8. h3 Bxf3 9. Qxf3 exd4 10. e5 dxe5 11. fxe5 Ne8 12. Qxb7 Nd7 13. cxd4 c5 14. Bc4 cxd4 15. Bg5 Qxg5 16. Qxd7 Bxe5 17. Rxf7 Qc1+ 18. Rf1+ Qxc4 19. Rxf8+ Kxf8 20. Nd2 Nf6 21. Qb7 Qd5 22. Qb4+ Bd6 23. Qa4 Kg7 24. Rf1 Qe5 25. Nf3 Qe3+ 26. Kh1 Ne4 27. Qd7+ Kh8 28. Re1 Nf2+ 0-1

[Event "Ustron op-B"]
[Site "Ustron"]
[Date "2022.08.17"]
[Round "6"]
[White "Maslanka, Wojciech"]
[Black "Zabron, Maksym"]
[Result "1-0"]
[WhiteElo "2089"]
[BlackElo "2064"]
[PlyCount "119"]
[EventDate "2022.08.12"]
[EventType "swiss"]
[EventRounds "9"]
[EventCountry "POL"]
[SourceTitle "CBM 209 Extra"]
[Source "ChessBase"]
[SourceDate "2022.09.30"]
[SourceVersion "1"]
[SourceVersionDate "2022.09.30"]
[SourceQuality "1"]

1. e4 c5 2. Nf3 e6 3. d4 cxd4 4. Nxd4 Nc6 5. Nc3 Qc7 6. a3 a6 7. Be3 b5 8. Nxc6 Qxc6 9. h4 Bb7 10. h5 h6 11. Rh3 Nf6 12. e5 Ne4 13. Nxe4 Qxe4 14. Qf3 d6 15. Qxe4 Bxe4 16. a4 b4 17. exd6 Bxd6 18. 0-0-0 Ke7 19. Rh4 Bd5 20. Rg4 Rhg8 21. Bd4 Bc6 22. Rxg7 Bxa4 23. Rxg8 Rxg8 24. Be3 a5 25. Bxh6 Rh8 26. Bg5+ f6 27. Bxf6+ Kxf6 28. Rxd6 Rxh5 29. Bc4 Rc5 30. b3 Bc6 31. g3 Kf5 32. Rd4 Ke5 33. Rh4 Kd6 34. Rh6 Bd5 35. Bxd5 Rxd5 36. g4 Rd4 37. f3 Rf4 38. Rh3 Rf6 39. Kd2 Kd5 40. Rg3 e5 41. g5 Rg6 42. Kd3 Ke6 43. Ke4 Rg8 44. g6 Rg7 45. Rg5 Kf6 46. Rxe5 Kxg6 47. Rxa5 Rc7 48. Rb5 Rxc2 49. Rxb4 Rb2 50. Kf4 Kf6 51. Rb6+ Kf7 52. Kf5 Ke8 53. f4 Rf2 54. Ke6 Kf8 55. f5 Re2+ 56. Kf6 Re8 57. b4 Ra8 58. b5 Rc8 59. Rc6 Rb8 60. b6 1-0

[Event "Ustron op-B"]
[Site "Ustron"]
[Date "2022.08.14"]
[Round "3"]
[White "Dziendziel, Mateusz"]
[Black "Maslanka, Wojciech"]
[Result "1/2-1/2"]
[WhiteElo "1904"]
[BlackElo "2089"]
[PlyCount "84"]
[EventDate "2022.08.12"]
[EventType "swiss"]
[EventRounds "9"]
[EventCountry "POL"]
[SourceTitle "CBM 209 Extra"]
[Source "ChessBase"]
[SourceDate "2022.09.30"]
[SourceVersion "1"]
[SourceVersionDate "2022.09.30"]
[SourceQuality "1"]

1. e4 c6 2. d4 d5 3. e5 Bf5 4. Nd2 e6 5. Nb3 Nd7 6. Nf3 Rc8 7. Be2 h6 8. 0-0 Ne7 9. Bd2 Bh7 10. a4 Nf5 11. a5 Be7 12. g4 Nh4 13. Nxh4 Bxh4 14. f4 Be4 15. Bf3 Bxf3 16. Qxf3 c5 17. f5 Qe7 18. Nxc5 Nxc5 19. dxc5 Qxc5+ 20. Be3 Qe7 21. c3 a6 22. Ra4 Bg5 23. Bxg5 hxg5 24. fxe6 Qxe6 25. Qf5 0-0 26. Qxg5 Rfe8 27. Raf4 Rc7 28. Rf5 Rc4 29. h3 Rc7 30. Qf4 Ree7 31. Qd4 g6 32. Rg5 Rc4 33. Qf2 Re4 34. Qf6 Rxe5 35. Rxe5 Qxe5 36. Qxe5 Rxe5 37. Rd1 Kg7 38. Rd4 Kf6 39. Kf2 Kg5 40. Rb4 Re7 41. Kg3 Re3+ 42. Kg2 Re5 1/2-1/2

[Event "Warsaw Najdorf Memorial op-A"]
[Site "Warsaw"]
[Date "2022.07.14"]
[Round "6"]
[White "Maslanka, Wojciech"]
[Black "Golubka, Petr"]
[Result "0-1"]
[WhiteElo "2000"]
[BlackElo "2378"]
[PlyCount "102"]
[EventDate "2022.07.09"]
[EventType "swiss"]
[EventRounds "9"]
[EventCountry "POL"]
[SourceTitle "CBM 209 Extra"]
[Source "ChessBase"]
[SourceDate "2022.09.30"]
[SourceVersion "1"]
[SourceVersionDate "2022.09.30"]
[SourceQuality "1"]

1. e4 c5 2. Nf3 e6 3. d4 cxd4 4. Nxd4 a6 5. c4 d6 6. Nc3 Nf6 7. Be2 Be7 8. Be3 0-0 9. 0-0 b6 10. Qd2 Bb7 11. f3 Nbd7 12. Rfd1 Kh8 13. Rac1 Rg8 14. b4 Rc8 15. a3 h6 16. Nb3 g5 17. Bf2 Ne5 18. Na4 Nfd7 19. Qd4 Rc6 20. b5 axb5 21. cxb5 Rxc1 22. Rxc1 d5 23. Nxb6 Qxb6 24. Qxb6 Nxb6 25. Bxb6 Bf6 26. a4 dxe4 27. fxe4 Bxe4 28. a5 Bd5 29. Nd2 g4 30. Be3 Nf3+ 31. Kh1 Nh4 32. Bf1 Nf5 33. Bc5 g3 34. h3 Bg5 35. Bb4 Ne3 36. b6 Nxf1 37. Rxf1 Be3 38. Bc3+ Kh7 39. Rxf7+ Kg6 40. Rf6+ Kh5 41. Nf1 Rc8 42. Be1 Rc1 43. Bxg3 Bd4 44. Rf4 e5 45. Rf8 Bc5 46. Rf6 Kg5 47. Bxe5 Rc2 48. h4+ Kxh4 49. Rg6 Rxg2 50. Bf6+ Rg5+ 51. Kh2 Bg1# 0-1

[Event "Warsaw Najdorf Memorial op-A"]
[Site "Warsaw"]
[Date "2022.07.12"]
[Round "4"]
[White "Maslanka, Wojciech"]
[Black "Haliniak, Wojciech"]
[Result "1-0"]
[WhiteElo "2000"]
[BlackElo "1827"]
[PlyCount "113"]
[EventDate "2022.07.09"]
[EventType "swiss"]
[EventRounds "9"]
[EventCountry "POL"]
[SourceTitle "CBM 209 Extra"]
[Source "ChessBase"]
[SourceDate "2022.09.30"]
[SourceVersion "1"]
[SourceVersionDate "2022.09.30"]
[SourceQuality "1"]

1. e4 c5 2. Nf3 g6 3. d4 cxd4 4. Nxd4 Nc6 5. c4 Nf6 6. Nc3 d6 7. f3 Nxd4 8. Qxd4 Bg7 9. Be3 0-0 10. Qd2 Qa5 11. Rc1 Be6 12. Be2 Rfc8 13. b3 a6 14. Na4 Qxd2+ 15. Kxd2 Nd7 16. g4 f5 17. gxf5 gxf5 18. Rhg1 Kh8 19. Nc3 Rf8 20. exf5 Bxf5 21. Rg2 Ne5 22. Rcg1 Ng6 23. Ne4 Be5 24. Bd3 Nf4 25. Bxf4 Bxf4+ 26. Ke2 Bh6 27. Nf2 Bxd3+ 28. Nxd3 Rf6 29. Rg4 b5 30. Re4 bxc4 31. bxc4 e6 32. Rd4 e5 33. Rd5 Rc8 34. Rg4 Bf8 35. Ra5 Rh6 36. h4 Rc6 37. Nb4 Rb6 38. a3 Be7 39. Nd5 Rb2+ 40. Kd3 Bxh4 41. Rxa6 Rb8 42. c5 Bd8 43. cxd6 Rh3 44. Ke4 h5 45. Rg1 Kh7 46. Ra7+ Kh6 47. Rag7 h4 48. Rg8 Rg3 49. R1xg3 hxg3 50. Rxg3 Ra8 51. Rg8 Ra4+ 52. Kxe5 Ba5 53. d7 Rxa3 54. f4 Ra1 55. d8Q Re1+ 56. Kf6 Bxd8+ 57. Rxd8 1-0

[Event "Warsaw Maciei Memorial"]
[Site "Warsaw"]
[Date "2022.07.08"]
[Round "1"]
[White "Janik, Igor"]
[Black "Maslanka, Wojciech"]
[Result "0-1"]
[WhiteElo "2519"]
[BlackElo "2000"]
[PlyCount "84"]
[EventDate "2022.07.08"]
[EventType "swiss (blitz)"]
[EventRounds "11"]
[EventCountry "POL"]
[SourceTitle "CBM 209 Extra"]
[Source "ChessBase"]
[SourceDate "2022.09.30"]
[SourceVersion "1"]
[SourceVersionDate "2022.09.30"]
[SourceQuality "1"]

1. d4 Nf6 2. Bf4 g6 3. e3 Bg7 4. Nf3 d6 5. h3 0-0 6. Be2 b6 7. a4 a5 8. 0-0 Bb7 9. c3 Nbd7 10. Na3 Re8 11. Bh2 e5 12. dxe5 dxe5 13. Nc4 Ne4 14. Qc2 Qe7 15. Rfd1 Rad8 16. Nfd2 Nxd2 17. Rxd2 Nc5 18. Rad1 Be4 19. Bd3 Bxd3 20. Rxd3 Nxd3 21. Rxd3 Rxd3 22. Qxd3 Rd8 23. Qe2 Qd7 24. Kf1 Qd1+ 25. Qxd1 Rxd1+ 26. Ke2 Rb1 27. Kd3 f6 28. g4 Rh1 29. Bg3 Rxh3 30. Na3 Bf8 31. Nb5 Bd6 32. Ke4 Kf7 33. Kd5 Ke7 34. Kc6 h5 35. gxh5 gxh5 36. b4 axb4 37. Nxd6 cxd6 38. cxb4 h4 39. a5 bxa5 40. bxa5 hxg3 41. fxg3 Rxg3 42. a6 Rxe3 0-1

[Event "POL-ch U20"]
[Site "Pokrzywna"]
[Date "2021.12.11"]
[Round "7"]
[White "Redzisz, Michal"]
[Black "Maslanka, Wojciech"]
[Result "1-0"]
[WhiteElo "2261"]
[BlackElo "1907"]
[PlyCount "93"]
[EventDate "2021.12.06"]
[EventType "swiss"]
[EventRounds "9"]
[EventCountry "POL"]
[SourceTitle "CBM 205 Extra"]
[Source "ChessBase"]
[SourceDate "2022.01.31"]
[SourceVersion "1"]
[SourceVersionDate "2022.01.31"]
[SourceQuality "1"]

1. d4 Nf6 2. c4 e6 3. Nc3 Bb4 4. e3 0-0 5. Nge2 b6 6. a3 Bxc3+ 7. Nxc3 Bb7 8. Bd3 d6 9. e4 Nbd7 10. 0-0 e5 11. d5 Qe7 12. Be3 a5 13. Qe2 Rfe8 14. b4 axb4 15. axb4 Rec8 16. Nb5 Ba6 17. Na3 Bb7 18. Ra2 c5 19. bxc5 dxc5 20. Rfa1 Ne8 21. Nb5 Qd8 22. Na7 Rcb8 23. f4 f6 24. f5 Qc7 25. g4 Nd6 26. h4 Nc8 27. Nb5 Qd8 28. g5 Rxa2 29. Rxa2 Ra8 30. Rxa8 Bxa8 31. g6 h6 32. Qd2 Nf8 33. Qa2 Bb7 34. Bc2 Nd7 35. Ba4 Nb8 36. Qd2 Nd6 37. Nxd6 Qxd6 38. Be8 Qf8 39. Bf7+ Kh8 40. Be6 Bc8 41. Kh2 Bd7 42. Kg3 Qe7 43. Bxh6 Bxe6 44. fxe6 Qe8 45. h5 Qa4 46. d6 Qb3+ 47. Be3 1-0

[Event "POL-ch U20"]
[Site "Pokrzywna"]
[Date "2021.12.06"]
[Round "1"]
[White "Maslanka, Wojciech"]
[Black "Koziorowicz, Michal"]
[Result "1/2-1/2"]
[WhiteElo "1907"]
[BlackElo "2309"]
[PlyCount "119"]
[EventDate "2021.12.06"]
[EventType "swiss"]
[EventRounds "9"]
[EventCountry "POL"]
[SourceTitle "CBM 205 Extra"]
[Source "ChessBase"]
[SourceDate "2022.01.31"]
[SourceVersion "1"]
[SourceVersionDate "2022.01.31"]
[SourceQuality "1"]

1. e4 c5 2. Nf3 e6 3. d4 cxd4 4. Nxd4 Nc6 5. c4 Nf6 6. Nc3 Bb4 7. Nxc6 bxc6 8. Bd3 0-0 9. Qc2 Ng4 10. Bf4 e5 11. Bg3 d6 12. 0-0 Bc5 13. Rab1 h5 14. b4 Bd4 15. h3 h4 16. Bh2 Nxh2 17. Kxh2 Qg5 18. b5 Bd7 19. bxc6 Bxc6 20. Nd5 Bxd5 21. cxd5 Rac8 22. Qe2 Rc3 23. Rb3 Rfc8 24. Rfb1 Rxb3 25. Rxb3 Qf4+ 26. g3 Qf6 27. Kg2 hxg3 28. fxg3 Qh6 29. Rb1 g6 30. h4 Kg7 31. Kh3 Rc3 32. Rf1 Qe3 33. Qxe3 Bxe3 34. Bb1 Bd4 35. Kg2 Re3 36. Rf3 Re2+ 37. Kh3 Bg1 38. Kg4 Bc5 39. Rb3 a5 40. h5 gxh5+ 41. Kxh5 a4 42. Rb7 Bf2 43. Rb4 Re3 44. Rxa4 Rxg3 45. Rb4 Kf6 46. Rb3 Rg5+ 47. Kh6 Bg3 48. Rb6 Bf4 49. Kh7 Rg7+ 50. Kh8 Kg6 51. Rb2 Rh7+ 52. Kg8 Bg5 53. Bd3 Rh3 54. Bb5 Ra3 55. Bc6 f5 56. Be8+ Kf6 57. Rb7 Be3 58. Rf7+ Kg5 59. Rxf5+ Kh4 60. Rh5+ 1/2-1/2

[Event "Poronin Tatra Limba op"]
[Site "Poronin"]
[Date "2021.05.24"]
[Round "4"]
[White "Bugaj, Hanna"]
[Black "Maslanka, Wojciech"]
[Result "0-1"]
[WhiteElo "1729"]
[BlackElo "1921"]
[PlyCount "121"]
[EventDate "2021.05.22"]
[EventType "swiss"]
[EventRounds "9"]
[EventCountry "POL"]
[SourceTitle "EXT 2022"]
[Source "ChessBase"]
[SourceDate "2021.10.06"]
[SourceVersion "1"]
[SourceVersionDate "2021.10.06"]
[SourceQuality "1"]

1. d4 Nf6 2. c4 e6 3. Nc3 Bb4 4. Bf4 Bxc3+ 5. bxc3 b6 6. e3 Bb7 7. Nf3 d6 8. Bd3 Nbd7 9. 0-0 Qe7 10. Nd2 e5 11. Bg3 e4 12. Bc2 0-0 13. Qe2 Bc6 14. f3 exf3 15. gxf3 Nh5 16. e4 Nxg3 17. hxg3 f5 18. d5 Bb7 19. Kg2 f4 20. g4 Ne5 21. Rh1 Bc8 22. Rh3 Rf6 23. Rg1 Bd7 24. Kf2 Raf8 25. Ke1 g6 26. Rh6 Bxg4 27. Rxg4 Nxg4 28. fxg4 f3 29. Qf2 Qe5 30. Rh3 Qxc3 31. Bd1 Rf4 32. Rxf3 Rxe4+ 33. Kf1 Rxf3 34. Bxf3 Rf4 35. Kg2 Qd4 36. Qe2 Kg7 37. Ne4 Qe5 38. Qd3 a5 39. a4 Kf8 40. Qe2 Ke7 41. Ng5 Rd4 42. Ne6 Qxe2+ 43. Bxe2 Rd2 44. Kf3 c5 45. Ng5 Ra2 46. Bd1 Ra1 47. Bc2 Ra3+ 48. Ke4 Rg3 49. Bd1 Rg1 50. Be2 h6 51. Nh3 Ra1 52. Nf4 g5 53. Ne6 Rxa4 54. Kf5 Rb4 55. Nc7 Rb2 56. Bd3 a4 57. Nb5 a3 58. Nxa3 Rb3 59. Bf1 Rxa3 60. Kg6 Rg3 61. Be2 0-1

[Event "Poronin Tatra Limba op"]
[Site "Poronin"]
[Date "2021.05.24"]
[Round "3"]
[White "Maslanka, Wojciech"]
[Black "Mirowska, Oliwia"]
[Result "1-0"]
[WhiteElo "1921"]
[BlackElo "1766"]
[PlyCount "109"]
[EventDate "2021.05.22"]
[EventType "swiss"]
[EventRounds "9"]
[EventCountry "POL"]
[SourceTitle "EXT 2022"]
[Source "ChessBase"]
[SourceDate "2021.10.06"]
[SourceVersion "1"]
[SourceVersionDate "2021.10.06"]
[SourceQuality "1"]

1. e4 c5 2. Nf3 e6 3. d4 cxd4 4. Nxd4 Nf6 5. Nc3 Nc6 6. Nxc6 bxc6 7. e5 Nd5 8. Ne4 Qc7 9. f4 Qb6 10. c4 Bb4+ 11. Ke2 Ba6 12. Kf3 f5 13. exf6 Nxf6 14. Be3 Qd8 15. Nd6+ Bxd6 16. Qxd6 Qe7 17. Qxe7+ Kxe7 18. Bc5+ d6 19. Bxd6+ Kxd6 20. c5+ Kxc5 21. Bxa6 Nd5 22. g3 Rab8 23. b3 Rhf8 24. Rhe1 Kd6 25. Re5 Rf6 26. Rae1 h6 27. h4 Rg8 28. Kg4 Rgf8 29. R1e4 Rg6+ 30. Kf3 Rgf6 31. Bf1 g6 32. Bh3 Re8 33. b4 a6 34. a3 Re7 35. Kf2 Re8 36. Ke1 Re7 37. Kd2 Re8 38. Kc2 Re7 39. Kb3 Re8 40. Re1 Re7 41. Ka4 Re8 42. Ka5 Nc7 43. Rd1+ Nd5 44. Bf1 Rf7 45. Bxa6 Ra7 46. b5 Rea8 47. a4 c5 48. Rc1 Nc7 49. Rexc5 Rxa6+ 50. bxa6 Rxa6+ 51. Kb4 Nd5+ 52. Kb3 Ne3 53. Rb5 Nf5 54. Rd1+ Ke7 55. Rd3 1-0

[Event "Krakow op-B 31st"]
[Site "Krakow"]
[Date "2021.01.02"]
[Round "6"]
[White "Szczurek, Krzysztof"]
[Black "Maslanka, Wojciech"]
[Result "1-0"]
[WhiteElo "2031"]
[BlackElo "1786"]
[PlyCount "117"]
[EventDate "2020.12.27"]
[EventType "swiss"]
[EventRounds "9"]
[EventCountry "POL"]
[SourceTitle "CBM 200 Extra"]
[Source "ChessBase"]
[SourceDate "2021.03.31"]
[SourceVersion "1"]
[SourceVersionDate "2021.03.31"]
[SourceQuality "1"]

1. Nf3 Nf6 2. g3 d5 3. Bg2 g6 4. 0-0 Bg7 5. d3 0-0 6. Nbd2 b6 7. e4 dxe4 8. dxe4 Bb7 9. Qe2 Nfd7 10. Rb1 e5 11. b3 Qe7 12. Bb2 c5 13. Rfd1 Nc6 14. c3 Rad8 15. Nf1 f5 16. Ne3 Ncb8 17. Nd5 Bxd5 18. Rxd5 Nc6 19. Rbd1 fxe4 20. Nd2 Nf6 21. Rxd8 Rxd8 22. Nxe4 Kf8 23. Ng5 Rxd1+ 24. Qxd1 Nd8 25. c4 Nf7 26. Nxf7 Kxf7 27. Qe2 e4 28. h4 Bh6 29. g4 g5 30. Bc1 Qe5 31. Bh3 Ke6 32. Qe3 Ne8 33. hxg5 Bg7 34. Bf1 a5 35. Qh3 Qc3 36. Be3 Qe5 37. Qxh7 Kd7 38. Qf5+ Ke7 39. Bf4 Qd4 40. g6 Nd6 41. Bg5+ Bf6 42. Qxf6+ Qxf6 43. Bxf6+ Kxf6 44. Kg2 Kxg6 45. Kg3 Kg5 46. a4 Ne8 47. Be2 Nf6 48. Bd1 Ng8 49. f4+ exf3 50. Kxf3 Ne7 51. Ke4 Kf6 52. Bf3 Kg5 53. Ke5 Ng6+ 54. Kd6 Kf4 55. Bc6 Kxg4 56. Kc7 Ne5 57. Kxb6 Nd3 58. Kxa5 Nc1 59. Kb6 1-0

[Event "Katowice POL-HUN rapid 8th"]
[Site "Katowice"]
[Date "2020.09.13"]
[Round "1.4"]
[White "Maslanka, Wojciech"]
[Black "Klekowski, Maciej"]
[Result "0-1"]
[WhiteElo "1824"]
[BlackElo "2511"]
[PlyCount "98"]
[EventDate "2020.09.13"]
[EventType "swiss (rapid)"]
[EventRounds "9"]
[EventCountry "POL"]
[SourceTitle "CBM 198 Extra"]
[Source "ChessBase"]
[SourceDate "2020.11.30"]
[SourceVersion "1"]
[SourceVersionDate "2020.11.30"]
[SourceQuality "1"]

1. e4 c5 2. Nf3 Nc6 3. Bb5 g6 4. 0-0 Bg7 5. c3 Nf6 6. Re1 0-0 7. d4 d5 8. e5 Ne4 9. Be3 Qb6 10. Bxc6 Qxc6 11. dxc5 Nxc5 12. Na3 Ne6 13. Nc2 Rd8 14. Ncd4 Qa6 15. Qd2 Nxd4 16. Bxd4 Bg4 17. Qf4 Be6 18. Qh4 Re8 19. Re3 h6 20. Nd2 g5 21. Qg3 Bf5 22. e6 f6 23. f4 Bxe6 24. Rae1 Bf7 25. fxg5 hxg5 26. h4 e5 27. Bc5 Rac8 28. Ba3 Qb6 29. hxg5 f5 30. g6 Bxg6 31. Qf2 f4 32. Rh3 Qxf2+ 33. Kxf2 e4 34. Nb3 d4 35. Nxd4 Bxd4+ 36. cxd4 Rc2+ 37. Kg1 e3 38. Rh4 Re4 39. d5 Rd2 40. d6 b6 41. Rg4 Kg7 42. Rg5 Kf6 43. Rb5 Be8 44. Rb4 Bc6 45. Rxe4 Bxe4 46. Bb4 Rxg2+ 47. Kf1 Rf2+ 48. Kg1 Ke6 49. Rd1 Rg2+ 0-1